| 000 | 00603nam a22001457a 4500 | ||
|---|---|---|---|
| 020 | _a978-81-291-4214-6 | ||
| 082 |
_a823 _bBHA/O |
||
| 100 | _aBHAGAT, CHETAN | ||
| 245 | _aONE INDIAN GIRL | ||
| 260 |
_aDELHI _bRUPA PUBLICATIONS _c2016 |
||
| 300 | _a272 | ||
| 520 | _aOne Indian Girl by Chetan Bhagat is a modern tale of a girl who has everything available at the touch of button except a loving partner. Her quest is to seek out a loving soul mate, which she finds after routing through a couple of affairs. The narration is done through a female point of view. | ||
| 650 |
_aNOVEL _zINDIA |
||
| 942 | _cBK | ||
| 999 |
_c2732 _d2732 |
||